<?xml version="1.0" encoding="UTF-8"?>
<marc:record xmlns:marc="http://www.loc.gov/MARC21/slim">
   <marc:leader>00000nam a2200000 a 4500</marc:leader>
   <marc:datafield ind1="1" ind2=" " tag="100">
      <marc:subfield code="a">Schwartz, Theo</marc:subfield>
      <marc:subfield code="4">aut</marc:subfield>
      <marc:subfield code="e">Verfasser/-in</marc:subfield>
   </marc:datafield>
   <marc:datafield ind1="0" ind2="0" tag="245">
      <marc:subfield code="a">3 x schwarzer Kater (9)</marc:subfield>
   </marc:datafield>
   <marc:datafield ind1="0" ind2="0" tag="245">
      <marc:subfield code="c">Theo Schwartz. Nach Elfie Donnelly</marc:subfield>
   </marc:datafield>
   <marc:datafield ind1=" " ind2="1" tag="264">
      <marc:subfield code="a">München</marc:subfield>
      <marc:subfield code="b">Egmont Schneider</marc:subfield>
      <marc:subfield code="c">2002</marc:subfield>
   </marc:datafield>
   <marc:datafield ind1="1" ind2=" " tag="490">
      <marc:subfield code="a">Bibi Blocksberg</marc:subfield>
      <marc:subfield code="v">9</marc:subfield>
   </marc:datafield>
   <marc:datafield ind1="1" ind2=" " tag="520">
      <marc:subfield code="a">Bibi hätte so gerne ein Haustier, doch ihre Eltern sind dagegen. Weil Bibi aber eine Hexe ist,weiß sie sich zu helfen und hext sich erst einen Papagei und dann einen kleinen Elefanten. Als die beiden nichts als Unfug anstellen, ist Barbara Bloxberg zurecht sauer. Da macht Bibis Oma Grete ihrer Enkelin einen kleinen Kater zum Geschenk: Einen ganz besonderen Kater, der schrecklich ordentlich und fleißig ist und der Familie Bloxberg bald auf die Nerven geht!</marc:subfield>
   </marc:datafield>
   <marc:datafield ind1=" " ind2=" " tag="020">
      <marc:subfield code="a">2095776483070</marc:subfield>
      <marc:subfield code="9">2095776483070</marc:subfield>
   </marc:datafield>
   <marc:datafield ind1="0" ind2=" " tag="490">
      <marc:subfield code="v">0</marc:subfield>
   </marc:datafield>
   <marc:datafield ind1=" " ind2=" " tag="300">
      <marc:subfield code="a">118 S. : Ill.</marc:subfield>
   </marc:datafield>
</marc:record>
